Statystyki dla Państwa Arabskie

Kliknij tutaj aby rozwiązać quiz!

Ogólne statystyki

  • Ten quiz został rozwiązany 56 razy
  • Średni wynik to 7 z 8

Statystyki odpowiedzi

Odpowiedź% Poprawnych
Arabia Saudyjska
94%
Zjednoczone Emiraty Arabskie
92%
Irak
85%
Katar
83%
Oman
81%
Jemen
77%
Jordania
77%
Kuwejt
75%

Rozkład punktacji

Percentyl według liczby udzielonych odpowiedzi

Procent ludzi z każdym wynikiem

Twoja historia wyników

Nie rozwiązałeś tego quizu